MARC

LEADER 00000nam0a2200000 4500
001 53635
005 20231031045550.0
035 |a (RuTPU)RU\TPU\book\56229 
090 |a 53635 
100 |a 20030621d1983 m y0rusy50 ca 
101 0 |a rus 
102 |a RU 
105 |a a j 001zy 
200 1 |a Электрорадиоизмерения  |e учебное пособие для вузов  |f Ф. В. Кушнир 
210 |a Ленинград  |c Энергоатомиздат  |d 1983 
215 |a 319 с.  |c ил. 
320 |a Библиогр.: с. 313 
320 |a Предм. указ.: с. 314-316 
610 1 |a электрорадиоизмерения 
610 1 |a учебные пособия 
610 1 |a погрешности 
610 1 |a измерение 
610 1 |a генераторы 
610 1 |a электронно-лучевые осциллографы 
610 1 |a мощность 
610 1 |a фазовращатели 
675 |a 621.317.3(075.8)  |v 3 
675 |a 621.396.08(075.8)  |v 3 
700 1 |a Кушнир  |b Ф. В.  |g Флор Васильевич 
801 1 |a RU  |b 63413507  |c 20030621  |g PSBO 
801 2 |a RU  |b 63413507  |c 20210527  |g PSBO 
942 |c BK